| 000 | 00467nam a2200169Ia 4500 | ||
|---|---|---|---|
| 005 | 20250508152519.0 | ||
| 008 | 008 250505s9999 xx 000 0 hin d | ||
| 037 | _aTextual | ||
| 040 |
_aFEDL _beng _cFEDL |
||
| 041 |
_ahin _2eng |
||
| 084 |
_a491.430 9, UPA _qFEDL |
||
| 100 |
_aUpadhaya Ayodhya Singh _9761669 |
||
| 245 | 0 | _aHindi bhasha aur sahitiya ka vikas | |
| 300 | _a553p. | ||
| 942 |
_cTEXL _h491.430 9, UPA |
||
| 999 |
_c1336920 _d1336920 |
||